[Event "GRE-chT 52nd"]
[Site "Loutraki"]
[Date "2025.07.01"]
[Round "4.28"]
[White "Kazantzoglou, Stefanos"]
[Black "Stamatiou, Rodolfos"]
[Result "1/2-1/2"]
[WhiteElo "2272"]
[BlackElo "2269"]
[PlyCount "65"]
[EventDate "2025.06.28"]
[EventType "team-swiss"]
[EventRounds "7"]
[EventCountry "GRE"]
[SourceTitle "CB28_2025"]
[SourceDate "2025.07.09"]
[SourceVersion "1"]
[SourceVersionDate "2025.07.09"]
[SourceQuality "1"]
[WhiteTeam "Chalandriou"]
[BlackTeam "Ippotis Rodi"]
[WhiteTeamCountry "GRE"]
[BlackTeamCountry "GRE"]

1. e4 c5 2. Nf3 e6 3. d4 cxd4 4. Nxd4 Nc6 5. Nb5 d6 6. c4 Nf6 7. N5c3 Be7 8. Be2 0-0 9. 0-0 b6 10. Bf4 Bb7 11. Re1 Ne5 12. Nd2 Ng6 13. Bg3 d5 14. cxd5 exd5 15. e5 Nd7 16. f4 d4 17. Nce4 d3 18. Bf3 Nc5 19. f5 Nh4 20. f6 Nxf3+ 21. Qxf3 Bxf6 22. exf6 Nxe4 23. fxg7 Qd4+ 24. Qe3 Qxe3+ 25. Rxe3 Rfe8 26. Rae1 Nf6 27. Rxd3 Rxe1+ 28. Bxe1 Kxg7 29. Nf3 Nd5 30. Bd2 Rc8 31. Kf2 Rc2 32. Kg3 f6 33. Rb3 1/2-1/2

[Event "Titled Tuesday intern op 01st Apr Late"]
[Site "Chess.com INT"]
[Date "2025.04.01"]
[Round "2"]
[White "Stamatiou, Rodolfos"]
[Black "Casadio, Niccolo"]
[Result "1-0"]
[WhiteElo "2274"]
[BlackElo "2268"]
[PlyCount "81"]
[EventDate "2025.04.01"]
[EventType "swiss (blitz)"]
[EventRounds "11"]
[EventCountry "USA"]
[SourceTitle "CB21_2025"]
[SourceDate "2025.05.21"]
[SourceVersion "1"]
[SourceVersionDate "2025.05.21"]
[SourceQuality "1"]

1. e4 d5 2. exd5 Qxd5 3. Nc3 Qa5 4. d4 Nf6 5. Bc4 Bg4 6. f3 Bd7 7. Nge2 e6 8. Bf4 Be7 9. Qd2 0-0 10. 0-0-0 c5 11. Kb1 Nc6 12. d5 exd5 13. Nxd5 Nxd5 14. Qxa5 Nxa5 15. Bxd5 Bf5 16. Ng3 Bg6 17. Rhe1 Bf6 18. Bc7 Nc6 19. Bd6 Rfc8 20. Ne4 Bxe4 21. Bxe4 b6 22. Bf4 a6 23. Rd6 Nd4 24. Bxa8 Rxa8 25. Rxb6 g5 26. Rb8+ Rxb8 27. Bxb8 Kg7 28. Be5 Bxe5 29. Rxe5 Ne6 30. c3 Kf6 31. Re2 h5 32. Kc2 Nf4 33. Rd2 Kf5 34. Kb3 Ke5 35. Kc4 Ne6 36. b4 cxb4 37. cxb4 f5 38. a4 g4 39. b5 axb5+ 40. axb5 f4 41. b6 1-0

[Event "Titled Tuesday intern op 01st Apr Late"]
[Site "Chess.com INT"]
[Date "2025.04.01"]
[Round "4"]
[White "Stamatiou, Rodolfos"]
[Black "Karas, Eugenia"]
[Result "1-0"]
[WhiteElo "2274"]
[BlackElo "2124"]
[PlyCount "37"]
[EventDate "2025.04.01"]
[EventType "swiss (blitz)"]
[EventRounds "11"]
[EventCountry "USA"]
[SourceTitle "CB21_2025"]
[SourceDate "2025.05.21"]
[SourceVersion "1"]
[SourceVersionDate "2025.05.21"]
[SourceQuality "1"]

1. d4 Nf6 2. Nc3 d5 3. Bf4 b6 4. e3 Bb7 5. Bd3 e6 6. Nge2 Bd6 7. 0-0 0-0 8. h3 Bxf4 9. Nxf4 Nbd7 10. Qf3 c5 11. Qg3 Ne4 12. Bxe4 dxe4 13. Rad1 Qe7 14. d5 exd5 15. Ncxd5 Qe5 16. Rd2 c4 17. Rfd1 Nc5 18. Ng6 Qxg3 19. Nde7# 1-0

[Event "Titled Tuesday intern op 25th Mar Early"]
[Site "Chess.com INT"]
[Date "2025.03.25"]
[Round "2"]
[White "Stamatiou, Rodolfos"]
[Black "Bok, Benjamin"]
[Result "0-1"]
[WhiteElo "2274"]
[BlackElo "2592"]
[PlyCount "44"]
[EventDate "2025.03.25"]
[EventType "swiss (blitz)"]
[EventRounds "11"]
[EventCountry "USA"]
[SourceTitle "CB14_2025"]
[SourceDate "2024.11.01"]
[SourceVersion "1"]
[SourceVersionDate "2024.11.01"]
[SourceQuality "1"]

1. c4 e6 2. Nf3 d5 3. e3 Nf6 4. b3 Bd6 5. Bb2 0-0 6. Nc3 Re8 7. Qc2 c5 8. g4 d4 9. exd4 cxd4 10. Nxd4 Bc5 11. Nf3 e5 12. g5 Ng4 13. Bd3 e4 14. Bxe4 Nxf2 15. d4 Nxe4 16. Nxe4 Bf5 17. Ne5 Bxd4 18. 0-0-0 Bxe4 19. Qxe4 Qxg5+ 20. Kb1 Bxb2 21. Kxb2 Nc6 22. Nxf7 Qf6+ 0-1

[Event "Titled Tuesday intern op 21st Jan Late"]
[Site "Chess.com INT"]
[Date "2025.01.21"]
[Round "5"]
[White "Stamatiou, Rodolfos"]
[Black "Rangel, Daniel"]
[Result "0-1"]
[WhiteElo "2274"]
[BlackElo "2248"]
[PlyCount "42"]
[EventDate "2025.01.21"]
[EventType "swiss (blitz)"]
[EventRounds "11"]
[EventCountry "USA"]
[SourceTitle "CB05_2025"]
[SourceDate "2025.01.29"]
[SourceVersion "1"]
[SourceVersionDate "2025.01.29"]
[SourceQuality "1"]

1. e4 c5 2. Nf3 g6 3. c4 Bg7 4. d4 cxd4 5. Nxd4 Nc6 6. Be3 Nf6 7. Nc3 0-0 8. f3 Nxd4 9. Bxd4 d6 10. Be2 Bd7 11. 0-0 Bc6 12. c5 dxc5 13. Bxc5 Qc7 14. Rc1 Rfd8 15. Qb3 Nh5 16. Nd5 Bxd5 17. exd5 Bh6 18. Rc3 Nf4 19. Re1 Qe5 20. Re3 Qg5 21. Bxe7 Qxg2# 0-1

[Event "Titled Tuesday intern op 21st Jan Late"]
[Site "Chess.com INT"]
[Date "2025.01.21"]
[Round "4"]
[White "Stamatiou, Rodolfos"]
[Black "Santos, Isaque Goncalves"]
[Result "1-0"]
[WhiteElo "2274"]
[BlackElo "1980"]
[PlyCount "97"]
[EventDate "2025.01.21"]
[EventType "swiss (blitz)"]
[EventRounds "11"]
[EventCountry "USA"]
[SourceTitle "CB05_2025"]
[SourceDate "2025.01.29"]
[SourceVersion "1"]
[SourceVersionDate "2025.01.29"]
[SourceQuality "1"]

1. e4 e6 2. d4 d5 3. exd5 exd5 4. Bd3 Bd6 5. h3 Ne7 6. Nf3 0-0 7. 0-0 Nbc6 8. c3 Bf5 9. Re1 Qd7 10. Qc2 Bxd3 11. Qxd3 Qf5 12. Qxf5 Nxf5 13. g4 Nfe7 14. Ne5 f6 15. Nd3 b6 16. Bf4 Rad8 17. Nd2 Ng6 18. Bxd6 Rxd6 19. f4 Kf7 20. f5 Nh4 21. Kf2 g6 22. Kg3 g5 23. Re3 Re8 24. Rxe8 Kxe8 25. Re1+ Kf7 26. a3 Nd8 27. b4 h5 28. b5 Rd7 29. Nb4 Nb7 30. a4 Na5 31. Nf1 Rd6 32. Ne3 c5 33. bxc6 Nxc6 34. Nxc6 Rxc6 35. Nxd5 Rc4 36. Re7+ Kf8 37. Rxa7 hxg4 38. hxg4 Rc8 39. Rc7 Re8 40. Kf2 Re4 41. Nxf6 Rf4+ 42. Ke2 Ng2 43. Nd5 Re4+ 44. Kd3 Re3+ 45. Nxe3 Nf4+ 46. Ke4 Ne2 47. f6 Ng3+ 48. Ke5 b5 49. Ke6 1-0

[Event "Titled Tuesday intern op 07th Jan Early"]
[Site "Chess.com INT"]
[Date "2025.01.07"]
[Round "9"]
[White "Ezat, Mohamed Mahmoud"]
[Black "Stamatiou, Rodolfos"]
[Result "1-0"]
[WhiteElo "2299"]
[BlackElo "2274"]
[PlyCount "65"]
[EventDate "2025.01.07"]
[EventType "swiss (blitz)"]
[EventRounds "11"]
[EventCountry "USA"]
[SourceTitle "CB03_2025"]
[SourceDate "2025.01.15"]
[SourceVersion "1"]
[SourceVersionDate "2025.01.15"]
[SourceQuality "1"]

1. e4 c5 2. d4 cxd4 3. c3 dxc3 4. Nxc3 Nc6 5. Nf3 e6 6. Bc4 Bb4 7. 0-0 Nge7 8. Qe2 0-0 9. Bg5 f6 10. Be3 Bxc3 11. bxc3 d5 12. Rfd1 Qa5 13. Bb3 dxe4 14. Nd2 f5 15. Nc4 Qxc3 16. Rac1 Qf6 17. Bc5 Kh8 18. Nd6 Nd5 19. Qd2 Ne5 20. Bd4 Rd8 21. Qb2 Rxd6 22. Bxe5 Qe7 23. Bxd6 Qxd6 24. Qd4 Bd7 25. Bxd5 exd5 26. Qxd5 Qxd5 27. Rxd5 Be6 28. Ra5 h6 29. a3 b6 30. Re5 Re8 31. Rc6 Bd7 32. Rxe8+ Bxe8 33. Rc8 1-0

[Event "Titled Tuesday intern op 07th Jan Early"]
[Site "Chess.com INT"]
[Date "2025.01.07"]
[Round "7"]
[White "Fernandez Hernandez, Gerardo"]
[Black "Stamatiou, Rodolfos"]
[Result "0-1"]
[WhiteElo "2126"]
[BlackElo "2274"]
[PlyCount "86"]
[EventDate "2025.01.07"]
[EventType "swiss (blitz)"]
[EventRounds "11"]
[EventCountry "USA"]
[SourceTitle "CB03_2025"]
[SourceDate "2025.01.15"]
[SourceVersion "1"]
[SourceVersionDate "2025.01.15"]
[SourceQuality "1"]

1. e4 c5 2. d3 Nc6 3. g3 g6 4. Bg2 Bg7 5. f4 e6 6. Nf3 Nge7 7. 0-0 0-0 8. c3 d5 9. e5 d4 10. Qe2 b5 11. cxd4 cxd4 12. Na3 Rb8 13. Nd2 Nd5 14. Ne4 Ba6 15. Nc5 Qb6 16. Nd7 Qc7 17. Nxf8 Bxf8 18. Bd2 Qb6 19. Bxd5 exd5 20. e6 Re8 21. exf7+ Kxf7 22. Qg2 Ne7 23. Bb4 Bb7 24. f5 gxf5 25. Bxe7 Bxe7 26. Rxf5+ Kg8 27. Raf1 a6 28. Qh3 Qe6 29. Qg4+ Qg6 30. Qf3 Bc8 31. Rf4 Bg5 32. Qxd5+ Be6 33. Qf3 Bxf4 34. Qxf4 Qxd3 35. Qg5+ Qg6 36. Qxg6+ hxg6 37. b3 Bh3 38. Rd1 Re2 39. Nc2 Rxc2 40. Rxd4 Rg2+ 41. Kh1 Rxa2 42. Kg1 Rg2+ 43. Kh1 Rf2 0-1

[Event "GRE-ch 73rd"]
[Site "Thessaloniki"]
[Date "2024.12.09"]
[Round "8"]
[White "Stamatiou, Rodolfos"]
[Black "Hadzimanolis, Antonios"]
[Result "0-1"]
[WhiteElo "2308"]
[BlackElo "2159"]
[PlyCount "118"]
[EventDate "2024.12.02"]
[EventType "tourn"]
[EventRounds "9"]
[EventCountry "GRE"]
[EventCategory "3"]
[SourceTitle "CB51_2024"]
[SourceDate "2024.12.18"]
[SourceVersion "1"]
[SourceVersionDate "2024.12.18"]
[SourceQuality "1"]

1. d4 d5 2. Nf3 Nf6 3. c4 e6 4. g3 dxc4 5. Bg2 c5 6. 0-0 Nc6 7. dxc5 Qxd1 8. Rxd1 Bxc5 9. Nbd2 c3 10. bxc3 0-0 11. Nb3 Be7 12. Nfd4 Nxd4 13. cxd4 Nd5 14. Bd2 f5 15. Bxd5 exd5 16. Rac1 b6 17. Rc7 Bd8 18. Rc2 Ba6 19. Bb4 Re8 20. e3 Bf6 21. Nd2 Rac8 22. Rdc1 Rxc2 23. Rxc2 Rc8 24. Rxc8+ Bxc8 25. Kf1 g5 26. Bd6 Bd8 27. Ke2 Kf7 28. Kd3 Ke6 29. Bb8 a5 30. Nf3 Ba6+ 31. Kc2 Bc4 32. Kb2 b5 33. Ba7 g4 34. Ne1 Bf1 35. Bc5 Kd7 36. a3 Kc6 37. Kc3 h5 38. Nc2 h4 39. Bf8 h3 40. Na1 Bc4 41. Nc2 Bb6 42. Ne1 Be2 43. Kd2 Bf1 44. Nc2 Kd7 45. Bc5 Bc7 46. e4 fxe4 47. Ne3 Bc4 48. Nxg4 Ke6 49. Ne3 Bd8 50. Kc3 Bg5 51. Nxc4 bxc4 52. a4 Bd8 53. Kd2 Kf5 54. Ke2 Kg4 55. Bd6 c3 56. Bf4 Bg5 57. Bxg5 Kxg5 58. Kd1 Kg4 59. Kc2 Kf3 0-1

[Event "GRE-ch 73rd"]
[Site "Thessaloniki"]
[Date "2024.12.08"]
[Round "7"]
[White "Kolytas, Spiridon"]
[Black "Stamatiou, Rodolfos"]
[Result "0-1"]
[WhiteElo "1946"]
[BlackElo "2308"]
[PlyCount "64"]
[EventDate "2024.12.02"]
[EventType "tourn"]
[EventRounds "9"]
[EventCountry "GRE"]
[EventCategory "3"]
[SourceTitle "CB51_2024"]
[SourceDate "2024.12.18"]
[SourceVersion "1"]
[SourceVersionDate "2024.12.18"]
[SourceQuality "1"]

1. Nf3 c5 2. c4 Nc6 3. b3 e5 4. Bb2 e4 5. Ng1 Nf6 6. Bxf6 Qxf6 7. Nc3 Qg6 8. g3 Bd6 9. Bg2 f5 10. Nh3 b6 11. Nd5 Bb7 12. Nhf4 Qh6 13. h4 0-0-0 14. a3 Kb8 15. Rb1 Rhe8 16. Kf1 Ne7 17. b4 Nxd5 18. cxd5 cxb4 19. e3 bxa3 20. Qa4 g6 21. Rb5 Rc8 22. Ke2 Rc7 23. f3 exf3+ 24. Bxf3 Rec8 25. Nd3 Rc4 26. Qb3 Qf8 27. Ra1 Ba6 28. Ra5 Rb4 29. Qxa3 bxa5 30. Qxa5 Rb6 31. Kf2 Qd8 32. Be2 Qc7 0-1

[Event "GRE-ch 73rd"]
[Site "Thessaloniki"]
[Date "2024.12.04"]
[Round "3"]
[White "Kourkoulos Arditis, Stamatis"]
[Black "Stamatiou, Rodolfos"]
[Result "1-0"]
[WhiteElo "2576"]
[BlackElo "2308"]
[PlyCount "59"]
[EventDate "2024.12.02"]
[EventType "tourn"]
[EventRounds "9"]
[EventCountry "GRE"]
[EventCategory "3"]
[SourceTitle "CB51_2024"]
[SourceDate "2024.12.18"]
[SourceVersion "1"]
[SourceVersionDate "2024.12.18"]
[SourceQuality "1"]

1. Nf3 c5 2. c4 Nc6 3. Nc3 g6 4. e3 Nf6 5. d4 cxd4 6. exd4 d5 7. cxd5 Nxd5 8. Qb3 e6 9. Bb5 Bg7 10. 0-0 0-0 11. Bxc6 bxc6 12. Re1 Qb6 13. Qd1 Nxc3 14. bxc3 Qa5 15. Qb3 Ba6 16. Ba3 Rfc8 17. Ne5 Qd5 18. c4 Qxd4 19. Rad1 Qf4 20. Bd6 Rd8 21. g3 Qg5 22. Nxc6 Rd7 23. Nb8 Rb7 24. Qa4 Rbxb8 25. Bxb8 Rxb8 26. Qxa6 Qc5 27. Qd6 Qc8 28. Rb1 Rxb1 29. Rxb1 Bf8 30. Rb8 1-0

[Event "GRE-ch 73rd"]
[Site "Thessaloniki"]
[Date "2024.12.03"]
[Round "2"]
[White "Stamatiou, Rodolfos"]
[Black "Mitsis, Georgios"]
[Result "1-0"]
[WhiteElo "2308"]
[BlackElo "2383"]
[PlyCount "49"]
[EventDate "2024.12.02"]
[EventType "tourn"]
[EventRounds "9"]
[EventCountry "GRE"]
[EventCategory "3"]
[SourceTitle "CB51_2024"]
[SourceDate "2024.12.18"]
[SourceVersion "1"]
[SourceVersionDate "2024.12.18"]
[SourceQuality "1"]

1. d4 Nf6 2. Nf3 d5 3. c4 e6 4. g3 dxc4 5. Bg2 a6 6. 0-0 Nc6 7. Bg5 Be7 8. e3 0-0 9. Nbd2 b5 10. Ne5 Nxe5 11. Bxf6 gxf6 12. Bxa8 Nd3 13. b3 e5 14. Qh5 f5 15. dxe5 c3 16. Nf3 Be6 17. Bc6 Kg7 18. Rad1 c2 19. Rd2 c1R 20. Rxc1 Nxc1 21. Rxd8 Rxd8 22. Nd4 Nxa2 23. Nxe6+ fxe6 24. Be8 Kh8 25. Bg6 1-0

[Event "GRE-ch 73rd"]
[Site "Thessaloniki"]
[Date "2024.12.02"]
[Round "1"]
[White "Stamatiou, Rodolfos"]
[Black "Patrelakis, Evaggelos"]
[Result "1/2-1/2"]
[WhiteElo "2308"]
[BlackElo "2431"]
[PlyCount "87"]
[EventDate "2024.12.02"]
[EventType "tourn"]
[EventRounds "9"]
[EventCountry "GRE"]
[EventCategory "3"]
[SourceTitle "CB51_2024"]
[SourceDate "2024.12.18"]
[SourceVersion "1"]
[SourceVersionDate "2024.12.18"]
[SourceQuality "1"]

1. d4 Nf6 2. Nf3 d5 3. c4 e6 4. g3 dxc4 5. Bg2 a6 6. 0-0 Nc6 7. e3 Bd7 8. Nbd2 b5 9. Ne5 Nxe5 10. Bxa8 Qxa8 11. dxe5 Nd5 12. a4 Qb7 13. b3 Nc3 14. Qe1 cxb3 15. Nxb3 Nxa4 16. Qa5 Be7 17. e4 0-0 18. Rd1 c5 19. Be3 c4 20. Nc1 Rc8 21. Ne2 Be8 22. f3 h6 23. Ra2 c3 24. Kg2 Qc6 25. Nd4 Qc4 26. Raa1 Nb2 27. Rf1 Bc5 28. Qxa6 Rd8 29. Qa5 Rxd4 30. Bxd4 Qxd4 31. Qa8 Qd7 32. Qb8 Kf8 33. Ra8 b4 34. f4 Nc4 35. Kh3 c2 36. Qc8 Qe7 37. Qc6 Nd2 38. Rfa1 Nb3 39. Rxe8+ Qxe8 40. Ra8 Qxa8 41. Qxa8+ Ke7 42. Qb7+ Kd8 43. Qb8+ Kd7 44. Qb7+ 1/2-1/2